| 000 | 00639nam a2200217 i 4500 | ||
|---|---|---|---|
| 001 | 16129 | ||
| 003 | ES-MaACL | ||
| 005 | 20230906151242.0 | ||
| 007 | t| | ||
| 008 | 000627s1999 sp ||||1| spa d | ||
| 020 | _a84-414-0642-1 | ||
| 080 | _a355"../1800" | ||
| 100 | 1 |
_aSun, Tzu. _9187528 |
|
| 245 | 1 | 3 |
_aEl arte de la guerra ilustrado / _cSun Tzu ; versión de Thomas Cleary. |
| 260 |
_aMadrid : _bEdaf, _c[1999] |
||
| 300 |
_a223 p. : _bil. ; _c24 cm. |
||
| 650 | 1 | 4 |
_aArte y ciencia militar- _vObras anteriores a 1800. _910332 |
| 700 | 1 |
_aCleary, Thomas. _939157 |
|
| 852 |
_aES-MaACL _jL-23264 _bR.128533 |
||
| 999 |
_c16129 _d16129 |
||